| 000 | 02958cam a22003858i 4500 | ||
|---|---|---|---|
| 999 |
_c2737 _d2737 |
||
| 006 | a|||||o||d| 00| 0 | ||
| 007 | cr |||aaa|a | ||
| 008 | 201028s2021 enk ob 001 0 eng d | ||
| 020 |
_q(ebook) _a9780429425745 |
||
| 040 |
_aKO _beng |
||
| 042 | _apcc | ||
| 044 | _aenk | ||
| 082 | 0 | 0 |
_a341.45 _223 |
| 100 | 1 |
_aMoore, Cameron _q(Cameron Alastair), |
|
| 245 | 1 | 0 |
_aFreedom of navigation and the law of the sea : _bwarships, states, and the use of force / _cCameron Moore. |
| 264 | 1 |
_aMilton Park, Abingdon, Oxon [UK] ; _aNew York. NY : _bRoutledge, _c2021. |
|
| 300 | _a1 online resource | ||
| 490 | 0 | _aRoutledge research in the law of the sea | |
| 504 | _aIncludes bibliographical references and index. | ||
| 505 | 0 | _aGeneral principles on the use of force and their application at sea -- Unit and collective self defence -- Proportionality and the threshold of armed conflict -- Territorial and internal waters -- Straits and archipelagos -- International waters. | |
| 520 | _a"There has been a recent increase in clashes between warships asserting rights to navigate and states asserting sovereignty over coastal waters. This book argues for a set of rules which respect the rights of coastal states to protect their sovereignty, and of warships to navigate lawfully, whilst also outlining the limits of each The book addresses the issue of the clash between warships and states in four parts. The first part considers the general principles applying to use of force in the law of the sea and the law of national self-defence. The second part focuses on the right of coastal states to use force to prevent passage of warships which threatens their sovereignty, with particular reference to the specific maritime zones. The third part explores the law of the sea and the international law on the use of force by warships to ensure passage or to defend themselves. The fourth part assesses the extent to which the law of armed conflict may be applicable or useful in relation to these issues. The conclusion draws together a set of rules which take account of both contemporary and historical events, and seeks to balance the competing interests at stake. Providing a concise overview of the enduring issue of freedom of navigation, this book will appeal to anyone studying International Law, the Law of the Sea, Security Studies and International Relations. It will also be of interest to naval, coast guard and military officers, as well as government legal advisors"-- | ||
| 650 | 0 | _aWar, Maritime (International law) | |
| 650 | 0 | _aSelf-defense (International law) | |
| 650 | 0 |
_aWarships _xLaw and legislation. |
|
| 650 | 0 | _aContiguous zones (Law of the sea) | |
| 650 | 0 | _aMaritime boundaries. | |
| 650 | 0 | _aFreedom of the seas. | |
| 650 | 0 | _aMare clausum. | |
| 650 | 0 | _aNavigation. | |
| 856 | 4 | 0 | _uhttp://www.taylorfrancis.com/books/9780429425745 |
| 904 | _aRUDRA_R | ||
| 905 | _aR_RANJAN | ||
| 942 | _cEB | ||